Some fruits of solitude : in reflections and maxims relating to the conduct of human life. Licens'd May 24. 1693.

Bibliographic Details
Main Author: Penn, William, 1644-1718
Format: eBook
Language:English
Published: Dublin : re-printed for Jacob Milner, bookseller, and are to be sold at his shop in Essex-street, 1693.
Series:Early English books online.
Subjects:
Online Access:Connect to the full text of this electronic book

MARC

Tag First Indicator Second Indicator Subfields
LEADER 00000nam a2200000 4500
001 in00004323607
005 20200812081122.0
006 m g d
007 cr bn |||a|bb|
008 951031s1693 ie o 00| | eng d
035 |a (UnM)99831891 
037 |a CL0037000085  |b ProQuest Information and Learning. 300 N. Zeeb Rd., Ann Arbor, MI 48106 
040 |a Cu-RivES  |c Cu-RivES  |d CStRLIN  |e dcrb  |d WaOLN 
100 1 |a Penn, William,  |d 1644-1718. 
245 1 0 |a Some fruits of solitude :  |b in reflections and maxims relating to the conduct of human life. Licens'd May 24. 1693. 
246 2 |a Reflections and maxims. 
246 2 |a Reflections & maxims. 
260 |a Dublin :  |b re-printed for Jacob Milner, bookseller, and are to be sold at his shop in Essex-street,  |c 1693. 
300 |a 1 online resource ([10], 134 pages) 
336 |a text  |b txt  |2 rdacontent 
337 |a computer  |b c  |2 rdamedia 
338 |a online resource  |b cr  |2 rdacarrier 
500 |a By William Penn. 
500 |a Caption title on pages 1 reads: Reflections and maxims. 
500 |a Some print show-through. 
500 |a Reproduction of the original in the British Library. 
510 4 |a Wing (2nd edition)  |c P1368 
533 |a Electronic reproduction.  |b Ann Arbor, Mich. :  |c UMI,  |d 1999-  |f (Early English books online)  |n Digital version of: (Early English books, 1641-1700 ; 2129:18)  |7 s1999 miun s 
650 0 |a Maxims  |v Early works to 1800. 
650 0 |a Conduct of life  |v Early works to 1800. 
830 0 |a Early English books online. 
856 4 0 |u http://proxy.library.tamu.edu/login?url=https://search.proquest.com/docview/2240917521  |z Connect to the full text of this electronic book  |t 0 
999 f f |s 29e4816c-9d85-3cc0-b313-15be2b7deec4  |i f875da0f-9bc4-3e87-aae5-b7ff88c10c8e  |t 0 
952 f f |a Texas A&M University  |b College Station  |c Electronic Resources  |d Available Online  |t 0  |h No information provided 
998 f f |t 0  |l Available Online